000 00462nam a2200145Ia 4500
008 100204s9999 xx 000 0 und d
082 _b16031
100 _aफडणीस गजानन
245 _aतो राजहंस एक
260 _b"श्री जिवदानी प्रकाशन, वसई"
_c1992
300 _a226
630 _aतो राजहंस एक
730 _aतो राजहंस एक
942 _cBOOK
999 _c460454
_d460451